Mujeres en el callejero de Gijón/Xixón / (Record no. 179540)

MARC details
000 -LEADER
campo de control de longitud fija 00768nam a2200241 i 4500
001 - NÚMERO DE CONTROL
campo de control 179540
003 - IDENTIFICADOR DE NÚMERO DE CONTROL
campo de control ES-MaACL
005 - FECHA Y HORA DE LA ÚLTIMA TRANSACCIÓN
campo de control 20230906220820.0
008 - DATOS DE LONGITUD FIJA--INFORMACIÓN GENERAL
campo de control de longitud fija 111221s2010 sp ao |||| |cspa d
080 ## - NÚMERO DE LA CLASIFICACIÓN DECIMAL UNIVERSAL
Número de la Clasificación Decimal Universal 929-055.2(100)
080 ## - NÚMERO DE LA CLASIFICACIÓN DECIMAL UNIVERSAL
Número de la Clasificación Decimal Universal 94(460.12 Gijón)(091)
100 1# - ENTRADA PRINCIPAL--NOMBRE DE PERSONA
Nombre de persona Gómez Ojea, Carmen.
9 (RLIN) 58082
245 10 - MENCIÓN DEL TÍTULO
Título Mujeres en el callejero de Gijón/Xixón /
Mención de responsabilidad, etc. Carmen Gómez Ojea.
260 ## - PUBLICACIÓN, DISTRIBUCIÓN, ETC.
Lugar de publicación, distribución, etc. Gijón :
Nombre del editor, distribuidor, etc. Ayuntamiento de Gijón,
Fecha de publicación, distribución, etc. [2010]
300 ## - DESCRIPCIÓN FÍSICA
Extensión 84 p. :
Otras características físicas il., fot. ;
Dimensiones 17 cm.
490 1# - MENCIÓN DE SERIE
Mención de serie Memoria de Gijón ;
Designación de volumen o secuencia 23
650 #4 - PUNTO DE ACCESO ADICIONAL DE MATERIA--TÉRMINO DE MATERIA
Término de materia o nombre geográfico como elemento de entrada Mujeres-
Subdivisión general Biografías.
9 (RLIN) 15255
650 #4 - PUNTO DE ACCESO ADICIONAL DE MATERIA--TÉRMINO DE MATERIA
Término de materia o nombre geográfico como elemento de entrada Calles-
Subdivisión geográfica Gijón.
9 (RLIN) 172262
710 1# - ENTRADA AGREGADA--NOMBRE DE ENTIDAD CORPORATIVA
Nombre de entidad corporativa o nombre de jurisdicción como elemento de entrada Gijón.
Unidad subordinada Ayuntamiento.
9 (RLIN) 4471
830 1# - PUNTO DE ACCESO ADICIONAL DE SERIE-TÍTULO UNIFORME
Título uniforme Memoria de Gijón ;
Designación de volumen o secuencia 23
9 (RLIN) 224490
852 ## - LOCALIZACIÓN
Ubicación ES-MaACL
Número de control de estantería 2310-F-4
Holdings
Estatus retirado Estado de pérdida Estado de daño No para préstamo Colección Biblioteca de origen Biblioteca actual Ubicación en estantería Fecha de adquisición Fuente de adquisición Total de préstamos Signatura topográfica completa Código de barras Visto por última vez Precio de reemplazo Tipo de ítem Koha
        Colección de folletos Biblioteca del Ateneo de Madrid Biblioteca del Ateneo de Madrid Depósito folletos 21/12/2011     2310-F-4 1188612 23/02/2023 23/02/2023 Folleto